| 000 | 01497cam a2200373 i 4500 | ||
|---|---|---|---|
| 001 | 32233 | ||
| 003 | Mx-PuUPA | ||
| 005 | 20250421153253.0 | ||
| 008 | 140415s2000 sp aoe gr 001 0 spa d | ||
| 040 |
_cMx-PuUPA _aMx-PuUPA _bspa _dMx-PuUPA _erda |
||
| 041 | 0 | _aspa | |
| 100 | 1 |
_aBahamón, Alejandro, _d1972- _913472 _eautor |
|
| 245 | 1 | 0 |
_aArquitectura sísmica : _bprevención y rehabilitación / _cAlejandro Bahamón, Belén García, Carmen Rodríguez, Luis Llopis, Javier Ploz, María Rosa Cervera, Eloy Celaya, Armand Carabén |
| 264 | 1 |
_aBarcelona, España : _bEdiciones G. Gilli, _c©2000 |
|
| 300 |
_a208 páginas : _bilustraciones, fotografías, planos (principalmente a color) ; _c30 cm |
||
| 336 |
_2rdacontent _atexto _btxt |
||
| 336 |
_2rdacontent _aimagen fija _bsti |
||
| 337 |
_2rdamedia _asin medio _bn |
||
| 338 |
_2rdacarrier _avolumen _bnc |
||
| 650 | 7 |
_2armarc _aArquitectura _xConstrucciones antisísmicas |
|
| 650 | 7 |
_2armarc _aArquitectura moderna _ySiglo XX |
|
| 650 | 7 |
_2armarc _aDiseño resistente a terremotos |
|
| 700 | 1 |
_aGarcía, Belén _eeditor _eautor |
|
| 700 | 1 |
_aRodríguez, Carmen, _eautor |
|
| 700 | 1 |
_aLlopis, Luis, _eautor |
|
| 700 | 1 |
_aPloz, Javier, _eautor |
|
| 700 | 1 |
_aCervera, María Rosa, _eautor |
|
| 700 | 1 |
_aCelaya, Eloy, _eautor |
|
| 700 | 1 |
_aCarabén, Armand, _eautor |
|
| 942 |
_2ddc _cLI _hB55 |
||
| 999 |
_c32233 _d32233 |
||